000 00415nam a22001697a 4500
005 20160523111756.0
008 160523b xxu||||| |||| 00| 0 eng d
020 _a817188434-2
041 _aeng
082 _b4186
100 _aKapila/ Uma & Raj
_91006
245 _aEconomic Development in India
260 _aNew Delhi
_bAcademic Faundation
_c2004
300 _a256
650 _aManagement
_9241
942 _cBK
999 _c1412
_d1412